[Event "2014 Northern Alberta Open"]
[Site "Edmonton"]
[Date "2014.02.15"]
[Round "1.2"]
[White "Yam, Alex"]
[Black "Arzumanyan, Armine"]
[Result "1-0"]
[WhiteElo "2369"]
[BlackElo "1827"]
[PlyCount "53"]
[EventDate "2014.02.15"]
[EventType "swiss"]
[EventRounds "5"]
[EventCountry "CAN"]

1. e4 g6 2. d4 Bg7 3. Nc3 e6 4. h4 h6 5. h5 Ne7 6. hxg6 fxg6 7. Be3 d5 8. f3 c5
9. Bb5+ Kf7 10. Bf1 dxe4 11. fxe4 cxd4 12. Qf3+ Kg8 13. O-O-O Qb6 14. Bf2 Nbc6
15. Nb5 Qc5 16. Qb3 Kh7 17. Nf3 Rd8 18. c3 a5 19. a4 Ng8 20. Nbxd4 Nxd4 21.
Bxd4 Bxd4 22. Nxd4 Qe7 23. Bc4 Qg5+ 24. Rd2 e5 25. Nf3 Qe7 26. Rxd8 Qxd8 27.
Bxg8+ 1-0

[Event "2014 Northern Alberta Open"]
[Site "Edmonton"]
[Date "2014.02.15"]
[Round "1.3"]
[White "Milne, Arthur"]
[Black "Gardner, Robert"]
[Result "0-1"]
[WhiteElo "1812"]
[BlackElo "2329"]
[PlyCount "93"]
[EventDate "2014.02.15"]
[EventType "swiss"]
[EventRounds "5"]
[EventCountry "CAN"]

1. b3 e5 2. Bb2 Nc6 3. c4 Nf6 4. e3 Be7 5. Nc3 O-O 6. a3 d5 7. cxd5 Nxd5 8. Qc2
Be6 9. Nf3 f5 10. d3 Bf6 11. Na4 Qd6 12. Nc5 Bc8 13. Rc1 Nce7 14. e4 Nf4 15. g3
Nfg6 16. exf5 Nxf5 17. Bg2 c6 18. O-O Qc7 19. Rfe1 Nh6 20. Nd2 Bf5 21. Nde4 Be7
22. Qc4+ Kh8 23. Ne6 Bxe6 24. Qxe6 Rad8 25. Qc4 Nf5 26. b4 Nd4 27. f4 Qb6 28.
Kh1 exf4 29. gxf4 Nxf4 30. Nc3 Bf6 31. Na4 Qc7 32. Nc5 Nxg2 33. Kxg2 Qf4 34.
Rf1 Qd2+ 35. Rf2 Qg5+ 36. Kh1 b5 37. Qa2 Be5 38. Ne4 Qh6 39. Rcf1 Rxf2 40. Rxf2
Qe3 41. Qf7 Rg8 42. Bxd4 Bxd4 43. Qh5 Qe1+ 44. Kg2 Bxf2 45. Ng5 Qg1+ 46. Kh3
Qf1+ 47. Kg4 0-1

[Event "2014 Northern Alberta Open"]
[Site "Edmonton"]
[Date "2014.02.15"]
[Round "1.5"]
[White "Seehagen, Terry"]
[Black "Haessel, Dale"]
[Result "0-1"]
[WhiteElo "1650"]
[BlackElo "2277"]
[PlyCount "42"]
[EventDate "2014.02.15"]
[EventType "swiss"]
[EventRounds "5"]
[EventCountry "CAN"]

1. e4 e5 2. Bc4 Nf6 3. d4 exd4 4. Nf3 Nxe4 5. Qxd4 Nf6 6. Nc3 c6 7. Bg5 d5 8.
O-O-O Be7 9. Qh4 Be6 10. Nd4 Nbd7 11. Nxe6 fxe6 12. Be2 Qc7 13. Rhe1 O-O-O 14.
Qa4 Kb8 15. Bh4 Nc5 16. Qd4 e5 17. Qd2 d4 18. Qg5 dxc3 19. Qxg7 cxb2+ 20. Kb1
Nce4 21. Rd3 Nd5 0-1

[Event "2014 Northern Alberta Open"]
[Site "Edmonton"]
[Date "2014.02.15"]
[Round "1.6"]
[White "Rekhson, Vladislav"]
[Black "Grossmann, Lenard"]
[Result "1-0"]
[WhiteElo "2259"]
[BlackElo "1632"]
[PlyCount "53"]
[EventDate "2014.02.15"]
[EventType "swiss"]
[EventRounds "5"]
[EventCountry "CAN"]

1. c4 e5 2. g3 Nf6 3. Bg2 c6 4. d3 d5 5. b3 Be6 6. Bb2 Nbd7 7. Nf3 Bd6 8. O-O
O-O 9. Nc3 d4 10. Nb1 a5 11. e3 c5 12. Na3 Ne8 13. Nb5 Be7 14. Qe2 f6 15. exd4
cxd4 16. Nfxd4 exd4 17. Qxe6+ Kh8 18. Bxb7 Rb8 19. Bg2 Nc5 20. Qe2 Nc7 21. Nxd4
Re8 22. Nc6 Qxd3 23. Qxd3 Nxd3 24. Nxb8 Rxb8 25. Rad1 Nxb2 26. Rd7 Bd8 27. Rd2
1-0

[Event "2014 Northern Alberta Open"]
[Site "Edmonton"]
[Date "2014.02.15"]
[Round "1.7"]
[White "Stainer, Joel"]
[Black "Sequillion, Aaron"]
[Result "1/2-1/2"]
[WhiteElo "1604"]
[BlackElo "2188"]
[PlyCount "64"]
[EventDate "2014.02.15"]
[EventType "swiss"]
[EventRounds "5"]
[EventCountry "CAN"]

1. d4 Nf6 2. Nf3 g6 3. Bf4 Bg7 4. Nc3 O-O 5. e3 d6 6. Be2 Nh5 7. Bg3 Nxg3 8.
hxg3 c5 9. O-O cxd4 10. Nxd4 Nc6 11. Nxc6 bxc6 12. Qd2 Qa5 13. Bf3 Rb8 14. Rfb1
Rxb2 15. Rxb2 Bxc3 16. Qc1 c5 17. Rab1 Bxb2 18. Qxb2 Be6 19. a3 Rc8 20. Qb7 Rc7
21. Qb8+ Rc8 22. Qb7 Rc7 23. Qb8+ Kg7 24. Qd8 c4 25. Rb8 Qe1+ 26. Kh2 Rc8 27.
Rxc8 Bxc8 28. Qxc8 Qxf2 29. Qxc4 Qxe3 30. Qc7 Qh6+ 31. Kg1 Qe3+ 32. Kh2 Qh6+
1/2-1/2

[Event "2014 Northern Alberta Open"]
[Site "Edmonton"]
[Date "2014.02.15"]
[Round "1.8"]
[White "Gluckie, Jamin"]
[Black "Kadavil, Suresh"]
[Result "1-0"]
[WhiteElo "2177"]
[BlackElo "1596"]
[PlyCount "73"]
[EventDate "2014.02.15"]
[EventType "swiss"]
[EventRounds "5"]
[EventCountry "CAN"]

1. d4 h6 2. c4 d6 3. Nc3 a6 4. e4 e6 5. Be3 Nd7 6. f4 g6 7. Nf3 Bg7 8. Be2 Ne7
9. Qd2 O-O 10. O-O-O b5 11. f5 exf5 12. Bxh6 fxe4 13. Bxg7 Kxg7 14. Nxe4 bxc4
15. d5 Nb6 16. Qc3+ f6 17. Bxc4 Nxc4 18. Qxc4 Nf5 19. Rhe1 Bd7 20. g4 Nh6 21.
g5 fxg5 22. Qc3+ Kg8 23. Nexg5 Rf6 24. Nd4 Nf7 25. Nde6 Bxe6 26. Nxe6 Qe7 27.
Nxc7 Rf3 28. Rxe7 Rxc3+ 29. bxc3 Rc8 30. Re8+ Rxe8 31. Nxe8 Kf8 32. Re1 Ne5 33.
Nxd6 Nd3+ 34. Kd2 Nxe1 35. Kxe1 Ke7 36. Ne4 Kd7 37. Kd2 1-0

[Event "2014 Northern Alberta Open"]
[Site "Edmonton"]
[Date "2014.02.15"]
[Round "1.9"]
[White "Mahammadov, Elmir"]
[Black "Hughey, Micah"]
[Result "0-1"]
[WhiteElo "1588"]
[BlackElo "2141"]
[PlyCount "54"]
[EventDate "2014.02.15"]
[EventType "swiss"]
[EventRounds "5"]
[EventCountry "CAN"]

1. e4 e5 2. Nf3 Nc6 3. Bb5 Nf6 4. O-O Nxe4 5. Re1 Nd6 6. Bxc6 dxc6 7. Nxe5 Be7
8. Nc3 O-O 9. d4 f6 10. Nd3 Nf5 11. Be3 Re8 12. Nf4 Bd6 13. d5 Nxe3 14. fxe3
Bd7 15. Qf3 cxd5 16. Qxd5+ Kh8 17. Qxb7 Rb8 18. Qxa7 Rxb2 19. Rac1 Qe7 20. Nd3
Rbb8 21. Nd5 Qe4 22. Nxc7 Rb7 23. Qa6 Bc6 24. Re2 Bxc7 25. Nc5 Bxh2+ 26. Kh1
Qh4 27. Nxb7 Bg3+ 0-1

[Event "2014 Northern Alberta Open"]
[Site "Edmonton"]
[Date "2014.02.15"]
[Round "1.10"]
[White "Miller, David"]
[Black "Sponga, George"]
[Result "1-0"]
[WhiteElo "2108"]
[BlackElo "1587"]
[PlyCount "67"]
[EventDate "2014.02.15"]
[EventType "swiss"]
[EventRounds "5"]
[EventCountry "CAN"]

1. e4 d6 2. d4 g6 3. Nc3 Bg7 4. Be2 Nc6 5. Be3 Nf6 6. f4 O-O 7. Nf3 a6 8. d5
Ng4 9. Bg1 Bxc3+ 10. bxc3 Na5 11. h3 Nf6 12. Qd4 c5 13. Qd3 Nh5 14. Bh2 c4 15.
Qd4 b5 16. g4 Ng7 17. a4 Bd7 18. axb5 axb5 19. O-O Nb7 20. f5 Nc5 21. Rxa8 Qxa8
22. f6 e5 23. Nxe5 dxe5 24. Qxc5 Rc8 25. Qe7 Qa7+ 26. Kh1 Ne8 27. Qxe5 Qe3 28.
Bf3 Qh6 29. Bg2 Qf8 30. Qf4 h6 31. e5 g5 32. Qf3 Nc7 33. h4 Ne8 34. e6 1-0

[Event "2014 Northern Alberta Open"]
[Site "Edmonton"]
[Date "2014.02.15"]
[Round "1.11"]
[White "Somera, Carlito"]
[Black "Nguyen, Kim"]
[Result "0-1"]
[WhiteElo "1541"]
[BlackElo "2081"]
[PlyCount "102"]
[EventDate "2014.02.15"]
[EventType "swiss"]
[EventRounds "5"]
[EventCountry "CAN"]

1. e4 c5 2. Bc4 d6 3. Nf3 Nf6 4. Nc3 a6 5. h3 e6 6. a3 b5 7. Ba2 b4 8. axb4
cxb4 9. Ne2 Nxe4 10. d3 Nf6 11. Bg5 Be7 12. Qd2 Qb6 13. d4 Ne4 14. Qf4 Nxg5 15.
Nxg5 O-O 16. Nxh7 Kxh7 17. Bc4 Kg8 18. Bd3 Bb7 19. Qg4 Nd7 20. Nf4 Qxd4 21. O-O
Ne5 22. Qh5 Nxd3 23. Nxd3 Qe4 24. f3 Qe3+ 25. Kh1 d5 26. Qg4 Qb6 27. Ne5 Qc7
28. Rfe1 Bd6 29. f4 a5 30. Re2 a4 31. Rae1 a3 32. bxa3 bxa3 33. Qf3 a2 34. Ra1
Ra3 35. Qf2 Ba6 36. c4 Bxe5 37. Raxa2 Rxa2 38. Rxa2 Bxc4 39. Ra7 Qb8 40. fxe5
Qxe5 41. Ra3 Rb8 42. Qc2 Qb2 43. Qxb2 Rxb2 44. Rf3 d4 45. Rf4 e5 46. Rg4 Bd5
47. Kh2 d3 48. Rg3 Rxg2+ 49. Rxg2 Bxg2 50. Kxg2 d2 51. Kf2 d1=Q 0-1

[Event "2014 Northern Alberta Open"]
[Site "Edmonton"]
[Date "2014.02.15"]
[Round "1.12"]
[White "Beaudry, Lukas"]
[Black "Hughey, Leah"]
[Result "1-0"]
[WhiteElo "2028"]
[BlackElo "1468"]
[PlyCount "75"]
[EventDate "2014.02.15"]
[EventType "swiss"]
[EventRounds "5"]
[EventCountry "CAN"]

1. e4 e6 2. d4 d5 3. e5 c5 4. c3 Nc6 5. Nf3 f6 6. exf6 Nxf6 7. Bd3 Bd7 8. O-O
Qb6 9. Re1 Be7 10. a3 O-O 11. b4 cxd4 12. cxd4 Kh8 13. Bb2 Bd6 14. Nbd2 Rac8
15. Nb3 Ne7 16. Nc5 Bb8 17. Ne5 Qc7 18. Rc1 Nc6 19. b5 Nxe5 20. dxe5 Ng8 21.
Nxe6 Qb6 22. Nxf8 Rxf8 23. Qe2 Ne7 24. Qe3 Qe6 25. Bd4 b6 26. Qg5 Ng6 27. Qh5
Be8 28. Re3 Rf4 29. Ba1 d4 30. Rf3 Bxe5 31. Rxf4 Bxf4 32. Rd1 Qb3 33. Qe2 Bf7
34. Bxd4 Ne5 35. Bc2 Qe6 36. Bxe5 Bxe5 37. Re1 Bxh2+ 38. Kxh2 1-0

[Event "2014 Northern Alberta Open"]
[Site "Edmonton"]
[Date "2014.02.15"]
[Round "1.13"]
[White "Nolan, Pat"]
[Black "Karmali, Hafiz"]
[Result "0-1"]
[WhiteElo "1429"]
[BlackElo "2039"]
[PlyCount "50"]
[EventDate "2014.02.15"]
[EventType "swiss"]
[EventRounds "5"]
[EventCountry "CAN"]

1. d4 e6 2. Nf3 f5 3. c4 Nf6 4. Bg5 h6 5. Bh4 g5 6. Bg3 f4 7. Qd3 Qe7 8. Nc3
fxg3 9. hxg3 Bg7 10. e3 b6 11. Be2 Bb7 12. Rd1 Nc6 13. a3 O-O-O 14. b4 e5 15.
b5 e4 16. Nxe4 Qxe4 17. bxc6 Bxc6 18. Ne5 Qxd3 19. Bxd3 Rhf8 20. Ng6 Rfe8 21.
Ne5 Kb7 22. f3 Ba4 23. Rb1 d6 24. Nf7 Rd7 25. Nxh6 Rh8 0-1

[Event "2014 Northern Alberta Open"]
[Site "Edmonton"]
[Date "2014.02.15"]
[Round "1.15"]
[White "Scholz, Mike"]
[Black "Daniluk, Jim"]
[Result "0-1"]
[WhiteElo "1392"]
[BlackElo "1980"]
[PlyCount "68"]
[EventDate "2014.02.15"]
[EventType "swiss"]
[EventRounds "5"]
[EventCountry "CAN"]

1. Nf3 c5 2. e3 g6 3. Nc3 Bg7 4. Bc4 e6 5. O-O Ne7 6. d4 cxd4 7. Nxd4 d5 8.
Bb5+ Nbc6 9. Nce2 e5 10. Nb3 a6 11. Bxc6+ bxc6 12. Ng3 h5 13. Ne2 a5 14. c3 a4
15. Nd2 Bf5 16. c4 h4 17. Nc3 a3 18. cxd5 cxd5 19. e4 d4 20. Ne2 axb2 21. Bxb2
Be6 22. a4 h3 23. g3 Bg4 24. f3 Be6 25. Ba3 Qb6 26. Rb1 Qa7 27. Kh1 Qxa4 28.
Qxa4+ Rxa4 29. Bxe7 Kxe7 30. Ra1 Rha8 31. Rab1 Ra2 32. Rfd1 Bh6 33. f4 Bg4 34.
Rb7+ Kf8 0-1

[Event "2014 Northern Alberta Open"]
[Site "Edmonton"]
[Date "2014.02.15"]
[Round "2.2"]
[White "Nguyen, Kim"]
[Black "Yam, Alex"]
[Result "1-0"]
[WhiteElo "2081"]
[BlackElo "2369"]
[PlyCount "93"]
[EventDate "2014.02.15"]
[EventType "swiss"]
[EventRounds "5"]
[EventCountry "CAN"]

1. e4 c5 2. Nf3 e6 3. b3 Nc6 4. Bb2 Nge7 5. c4 d6 6. d4 cxd4 7. Nxd4 Nxd4 8.
Qxd4 Nc6 9. Qd2 a6 10. g3 Rb8 11. Bg2 b5 12. cxb5 axb5 13. O-O Qb6 14. Re1 Bb7
15. a3 Rd8 16. Bc3 Ra8 17. Qb2 e5 18. Bd2 b4 19. Be3 Qa5 20. a4 Be7 21. Nd2 O-O
22. Nc4 Qc7 23. Nb6 Ra5 24. Nd5 Qd7 25. Rad1 Rb8 26. Bb6 Bd8 27. Bxa5 Bxa5 28.
Bf1 Nd4 29. Rxd4 exd4 30. Qxd4 Bxd5 31. Qxd5 Bb6 32. Rd1 Qa7 33. Rd2 Bc5 34.
Bc4 Re8 35. Kg2 g6 36. Rd3 Re7 37. Rf3 Kg7 38. h4 Qb7 39. a5 Qxd5 40. Bxd5 f6
41. a6 Re5 42. Rd3 f5 43. f3 fxe4 44. fxe4 Re7 45. Rd1 Kf6 46. Kf3 Ke5 47. Ke2
{White won the game.} 1-0

[Event "2014 Northern Alberta Open"]
[Site "Edmonton"]
[Date "2014.02.15"]
[Round "2.3"]
[White "Gardner, Robert"]
[Black "Beaudry, Lukas"]
[Result "0-1"]
[WhiteElo "2329"]
[BlackElo "2028"]
[PlyCount "62"]
[EventDate "2014.02.15"]
[EventType "swiss"]
[EventRounds "5"]
[EventCountry "CAN"]

1. d4 Nf6 2. c4 g6 3. Nc3 Bg7 4. e4 d6 5. Nf3 O-O 6. h3 Na6 7. Bg5 Qe8 8. Bd3
e5 9. d5 Nh5 10. Qd2 f5 11. Bh6 Nf4 12. Bxg7 Kxg7 13. O-O-O Nxd3+ 14. Qxd3 Nc5
15. Qe2 fxe4 16. Nxe4 Nxe4 17. Qxe4 Qa4 18. Qh4 Bf5 19. Kd2 Qxa2 20. g4 Qxb2+
21. Ke1 Qc3+ 22. Nd2 Bc2 23. Rc1 Rae8 24. Qg3 Qb2 25. Ke2 e4 26. Qe3 Rf3 27.
Qxa7 Bd3+ 28. Kd1 e3 29. fxe3 Rfxe3 30. Qa1 Be2+ 31. Ke1 Bf3+ 0-1

[Event "2014 Northern Alberta Open"]
[Site "Edmonton"]
[Date "2014.02.15"]
[Round "2.4"]
[White "Karmali, Hafiz"]
[Black "Haynes, Nicolas"]
[Result "0-1"]
[WhiteElo "2039"]
[BlackElo "2281"]
[PlyCount "84"]
[EventDate "2014.02.15"]
[EventType "swiss"]
[EventRounds "5"]
[EventCountry "CAN"]

1. d4 Nf6 2. c4 Nc6 3. d5 Ne5 4. e4 e6 5. a3 exd5 6. cxd5 Bc5 7. Nc3 O-O 8. Be2
d6 9. h3 Re8 10. Bg5 h6 11. Bxf6 Qxf6 12. Nf3 Ng6 13. O-O Nf4 14. Kh2 Qg6 15.
Ne1 a6 16. Bg4 Bxg4 17. Qxg4 Qf6 18. g3 Ng6 19. Nf3 b5 20. Rae1 Bb6 21. h4 Ba5
22. Re3 Bb6 23. Ree1 a5 24. h5 Ne5 25. Nxe5 Qxe5 26. f4 Qd4 27. Qd1 Qc4 28. Qe2
Qxe2+ 29. Rxe2 b4 30. Nd1 bxa3 31. bxa3 a4 32. Nb2 Bc5 33. Nc4 Rab8 34. Rf3 Rb1
35. e5 Rd1 36. Ne3 Rd3 37. Kg2 Rxa3 38. Nc4 Ra1 39. Rb2 Rg1+ 40. Kh2 Rc1 41.
Ne3 Rc3 42. Re2 dxe5 0-1

[Event "2014 Northern Alberta Open"]
[Site "Edmonton"]
[Date "2014.02.15"]
[Round "2.6"]
[White "Daniluk, Jim"]
[Black "Rekhson, Vladislav"]
[Result "0-1"]
[WhiteElo "1980"]
[BlackElo "2259"]
[PlyCount "54"]
[EventDate "2014.02.15"]
[EventType "swiss"]
[EventRounds "5"]
[EventCountry "CAN"]

1. d4 Nf6 2. c4 c5 3. d5 b5 4. f3 e6 5. e4 bxc4 6. dxe6 fxe6 7. e5 Nd5 8. g3
Bb7 9. Bxc4 Qc7 10. Qe2 Nc6 11. Bxd5 Nd4 12. Qd1 Qxe5+ 13. Kf2 Qxd5 14. Nc3 Qf5
15. g4 Qf6 16. Be3 Be7 17. h4 O-O 18. Rh3 Rab8 19. Rb1 Bc6 20. Bg5 Qf7 21. Qd3
e5 22. b3 Ne6 23. Bxe7 Nf4 24. Qd6 Nxh3+ 25. Kg3 Nxg1 26. Bxf8 Qxf3+ 27. Kh2
Qg2# 0-1

[Event "2014 Northern Alberta Open"]
[Site "Edmonton"]
[Date "2014.02.15"]
[Round "2.7"]
[White "Briones, Dante"]
[Black "Gluckie, Jamin"]
[Result "0-1"]
[WhiteElo "1950"]
[BlackElo "2177"]
[PlyCount "88"]
[EventDate "2014.02.15"]
[EventType "swiss"]
[EventRounds "5"]
[EventCountry "CAN"]

1. e4 e6 2. d4 d5 3. Nc3 Bb4 4. e5 Ne7 5. Bg5 c5 6. a3 Bxc3+ 7. bxc3 Nbc6 8.
Nf3 Qa5 9. Bd2 Bd7 10. Bd3 c4 11. Bf1 f6 12. exf6 gxf6 13. g3 O-O-O 14. Bg2 e5
15. dxe5 fxe5 16. h3 Bf5 17. Nh4 Be6 18. Nf3 Rhg8 19. O-O Qc5 20. Ng5 Bf5 21.
g4 Bd7 22. Nxh7 Rg6 23. Ng5 Rdg8 24. h4 Nd8 25. Kh2 Ne6 26. Nxe6 Bxe6 27. f3 e4
28. h5 Qd6+ 29. Kg1 Rxg4 30. fxg4 Bxg4 31. Bf4 Qe6 32. Qd4 Bf3 33. Rf2 Qh3 34.
Qd2 Nf5 35. Bg5 Qg4 36. Qf4 Qxg5 37. Qxg5 Rxg5 38. Kf1 Ne3+ 39. Kg1 Nxg2 40.
Kh2 Rxh5+ 41. Kg3 Rg5+ 42. Kh2 Ne3 43. Kh3 Nf5 44. Kh2 Rh5+ 0-1

[Event "2014 Northern Alberta Open"]
[Site "Edmonton"]
[Date "2014.02.15"]
[Round "2.9"]
[White "Pechenkin, Vladimir"]
[Black "Brazeau, Robert"]
[Result "1-0"]
[WhiteElo "2395"]
[BlackElo "1850"]
[PlyCount "51"]
[EventDate "2014.02.15"]
[EventType "swiss"]
[EventRounds "5"]
[EventCountry "CAN"]

1. c4 e6 2. g3 Nf6 3. Bg2 d5 4. Nf3 c6 5. O-O Be7 6. b3 O-O 7. Bb2 Nbd7 8. Qc2
Rb8 9. d3 Re8 10. e4 dxe4 11. dxe4 Qc7 12. e5 Ng4 13. Qe2 Bc5 14. Nbd2 b5 15.
h3 Nh6 16. cxb5 cxb5 17. Ne4 Bf8 18. Rfd1 Nf5 19. g4 Ne7 20. Nd6 Rd8 21. Ng5
Nd5 22. Ngxf7 Nf4 23. Qf3 Nxg2 24. Nxd8 Qxd8 25. Qf7+ Kh8 26. Nxc8 1-0

[Event "2014 Northern Alberta Open"]
[Site "Edmonton"]
[Date "2014.02.15"]
[Round "2.10"]
[White "Sequillion, Aaron"]
[Black "Elchoufi, Louay"]
[Result "1-0"]
[WhiteElo "2188"]
[BlackElo "1659"]
[PlyCount "59"]
[EventDate "2014.02.15"]
[EventType "swiss"]
[EventRounds "5"]
[EventCountry "CAN"]

1. e4 c5 2. Nf3 d6 3. d4 cxd4 4. Nxd4 Nf6 5. Nc3 a6 6. Be3 e5 7. Nb3 Be6 8. Qd2
Be7 9. f3 O-O 10. O-O-O Nbd7 11. g4 b5 12. g5 b4 13. Ne2 Ne8 14. Ng3 a5 15. Kb1
a4 16. Nc1 b3 17. cxb3 axb3 18. a3 Rc8 19. h4 Rc2 20. Qe1 Qc7 21. Bd3 Qc6 22.
Nf5 Bd8 23. h5 Rg2 24. Qf1 Rc2 25. Qh3 Kh8 26. g6 Ba5 27. h6 Ndf6 28. hxg7+
Nxg7 29. Qxh7+ Nxh7 30. Rxh7+ 1-0

[Event "2014 Northern Alberta Open"]
[Site "Edmonton"]
[Date "2014.02.15"]
[Round "2.11"]
[White "Pradzinski, Tim"]
[Black "Stainer, Joel"]
[Result "1/2-1/2"]
[WhiteElo "1951"]
[BlackElo "1604"]
[PlyCount "131"]
[EventDate "2014.02.15"]
[EventType "swiss"]
[EventRounds "5"]
[EventCountry "CAN"]

1. e4 c6 2. Nf3 d5 3. exd5 cxd5 4. d4 Bg4 5. Be2 Nf6 6. O-O e6 7. Be3 Nc6 8.
Nbd2 Rc8 9. Rc1 Be7 10. h3 Bh5 11. Ne5 Bxe2 12. Qxe2 Nd7 13. Nxc6 Rxc6 14. c4
dxc4 15. Rxc4 Rxc4 16. Nxc4 Nf6 17. Qc2 O-O 18. Rc1 Nd5 19. a3 Bf6 20. Qe4 Qe7
21. Ne5 Rd8 22. Rc5 Bxe5 23. Qxe5 Qd7 24. Qe4 Ne7 25. b4 h6 26. Rc1 Rc8 27.
Rxc8+ Qxc8 28. b5 Qd7 29. a4 Qd5 30. Qf4 Qa2 31. Qb8+ Kh7 32. Qxa7 Qb1+ 33. Kh2
Qe4 34. Qc5 Ng6 35. Qh5 f5 36. Qf3 Qc2 37. g3 Qc7 38. Bf4 Qd7 39. Be5 Nxe5 40.
dxe5 Qd4 41. Qf4 Qd1 42. h4 Qf1 43. Qf3 Qe1 44. Kg2 b6 45. Qe3 Qb4 46. Qxb6
Qe4+ 47. f3 Qxa4 48. Qc5 Qa2+ 49. Qf2 Qd5 50. b6 Qxe5 51. Kh3 Qb5 52. Kg2 g5
53. hxg5 hxg5 54. Kh3 Kg6 55. g4 Kf6 56. gxf5 Qxf5+ 57. Kg2 Qb5 58. Qd4+ e5 59.
Qd8+ Kg6 60. Qg8+ Kf6 61. Qf8+ Kg6 62. Qd6+ Kf5 63. Qf8+ Kg6 64. Qg8+ Kf6 65.
Qh8+ Kg6 66. Qg8+ 1/2-1/2

[Event "2014 Northern Alberta Open"]
[Site "Edmonton"]
[Date "2014.02.15"]
[Round "2.12"]
[White "Cheng, Louis"]
[Black "Almanza, Bismarck"]
[Result "1-0"]
[WhiteElo "1904"]
[BlackElo "1310"]
[PlyCount "59"]
[EventDate "2014.02.15"]
[EventType "swiss"]
[EventRounds "5"]
[EventCountry "CAN"]

1. e4 e5 2. Nf3 Nc6 3. Bb5 d6 4. c3 Bd7 5. O-O Nf6 6. Re1 a6 7. Ba4 b5 8. Bb3
Be7 9. d4 O-O 10. Bg5 Ne8 11. Be3 Na5 12. dxe5 Nxb3 13. axb3 Bg4 14. exd6 Bxd6
15. e5 Bxf3 16. gxf3 Bxe5 17. Qxd8 Rxd8 18. Rxa6 Nf6 19. Na3 Rd5 20. c4 bxc4
21. bxc4 Rd3 22. Bc5 Re8 23. f4 Bd6 24. Rxe8+ Nxe8 25. Ra8 Bxc5 26. Rxe8+ Bf8
27. Nb5 c5 28. Nc7 Rd4 29. Nd5 Rxc4 30. Ne7+ 1-0

[Event "2014 Northern Alberta Open"]
[Site "Edmonton"]
[Date "2014.02.15"]
[Round "2.13"]
[White "Sponga, George"]
[Black "Porter, Patrick"]
[Result "0-1"]
[WhiteElo "1587"]
[BlackElo "1890"]
[PlyCount "92"]
[EventDate "2014.02.15"]
[EventType "swiss"]
[EventRounds "5"]
[EventCountry "CAN"]

1. f4 e6 2. e4 d5 3. e5 c5 4. c3 Nc6 5. Nf3 Bd7 6. Bd3 Nh6 7. Qc2 Nf5 8. O-O
Rc8 9. g4 Nh4 10. g5 Nf5 11. Bxf5 exf5 12. Qb3 c4 13. Qc2 Bc5+ 14. Kg2 O-O 15.
Nh4 d4 16. Qd1 Be6 17. Nf3 d3 18. b3 b5 19. b4 Bb6 20. a4 a6 21. h4 Bd5 22. Kg3
Ne7 23. h5 Bc6 24. axb5 axb5 25. Bb2 Ra8 26. Na3 h6 27. Qe1 Qd5 28. Rf2 hxg5
29. Nxg5 Bxf2+ 30. Qxf2 f6 31. Nf3 Qxf3+ 32. Qxf3 Bxf3 33. Kxf3 Rfb8 34. Re1
Nd5 35. e6 Nc7 36. Kg3 Re8 37. h6 Rxa3 38. Bxa3 g6 39. Ra1 Rxe6 40. Bc1 Ra6 41.
Ra5 Kh7 42. Kf3 g5 43. Ke3 g4 44. Kf2 Kxh6 45. Kg3 Kg6 46. Ba3 Kf7 0-1

[Event "2014 Northern Alberta Open"]
[Site "Edmonton"]
[Date "2014.02.15"]
[Round "2.14"]
[White "Arzumanyan, Armine"]
[Black "Somera, Carlito"]
[Result "1-0"]
[WhiteElo "1827"]
[BlackElo "1541"]
[PlyCount "159"]
[EventDate "2014.02.15"]
[EventType "swiss"]
[EventRounds "5"]
[EventCountry "CAN"]

1. e4 c5 2. Nc3 Nc6 3. Nf3 h6 4. a4 a6 5. Bc4 e6 6. Qe2 d6 7. Ba2 Be7 8. d3 Nf6
9. e5 dxe5 10. Nxe5 Nd4 11. Qd1 Bd6 12. Nf3 b6 13. Nxd4 cxd4 14. Qf3 Ra7 15.
Ne4 Nxe4 16. dxe4 Rd7 17. O-O Qc7 18. Qh5 Re7 19. f4 Qxc2 20. Bb1 Qc4 21. Qd1
Bc5 22. Bd3 Qb4 23. Bd2 Qxb2 24. Rb1 Qa3 25. Bc1 Qc3 26. Rb3 Qa5 27. Rb2 Bb4
28. Qc2 O-O 29. Qb3 Bc5 30. Bd2 Bb4 31. Bxb4 Qh5 32. Bxe7 Re8 33. Bb4 b5 34.
Be2 Qh4 35. axb5 axb5 36. Be1 Qe7 37. Qxb5 Bd7 38. Qh5 Qd6 39. e5 Qc5 40. Bd3
Bc6 41. Rc2 Qd5 42. Qg4 Re7 43. Qe2 Qd7 44. Bb4 Re8 45. Bd6 Kh8 46. Rb1 Rg8 47.
Be4 Bxe4 48. Qxe4 f5 49. Qxd4 Qf7 50. Rc7 Qg6 51. Rcb7 Kh7 52. Rb8 h5 53. Rxg8
Kxg8 54. Rb8+ Kh7 55. Qf2 Qg4 56. h3 Qg6 57. Rb7 Kh6 58. Bf8 Qe8 59. Bxg7+ Kh7
60. Qg3 Qc6 61. Bf8+ Qxb7 62. Qg5 Qf7 63. Qh6+ Kg8 64. Bd6 Qe8 65. Qf6 Kh7 66.
Qe7+ Qxe7 67. Bxe7 Kg6 68. Bg5 Kf7 69. Kf2 Kg6 70. Kg3 Kf7 71. Kh4 Kg6 72. g3
Kh7 73. Kxh5 Kg7 74. Bf6+ Kh7 75. h4 Kg8 76. Kh6 Kf7 77. h5 Kg8 78. Kg6 Kf8 79.
h6 Kg8 80. h7+ 1-0

[Event "2014 Northern Alberta Open"]
[Site "Edmonton"]
[Date "2014.02.15"]
[Round "2.15"]
[White "Hughey, Leah"]
[Black "Milne, Arthur"]
[Result "0-1"]
[WhiteElo "1812"]
[BlackElo "1468"]
[PlyCount "66"]
[EventDate "2014.02.15"]
[EventType "swiss"]
[EventRounds "5"]
[EventCountry "CAN"]

1. c4 f5 2. e3 Nf6 3. d4 d6 4. Nc3 g6 5. Nf3 Bg7 6. Be2 O-O 7. O-O Na6 8. a3 c5
9. Rb1 Bd7 10. b4 b6 11. bxc5 bxc5 12. Qb3 Rb8 13. Nb5 Ne4 14. Nd2 cxd4 15.
Nxe4 fxe4 16. exd4 Bxd4 17. Qa2 Bc5 18. Bb2 Bf5 19. Nd4 Qd7 20. Nxf5 Qxf5 21.
Kh1 Nc7 22. f3 e3 23. Rbd1 e5 24. Rxd6 Rxb2 25. Rxg6+ Qxg6 26. Qxb2 Bd4 27. Qb4
Ne6 28. g3 Qc2 29. Qd6 Rf6 30. Qe7 Qxe2 31. Qe8+ Nf8 32. Kg1 Rxf3 33. Rxf3 Qxf3
0-1

[Event "2014 Northern Alberta Open"]
[Site "Edmonton"]
[Date "2014.02.15"]
[Round "2.17"]
[White "Grossmann, Lenard"]
[Black "Blyznyuk, Vladimir"]
[Result "1-0"]
[WhiteElo "1632"]
[BlackElo "1407"]
[PlyCount "111"]
[EventDate "2014.02.15"]
[EventType "swiss"]
[EventRounds "5"]
[EventCountry "CAN"]

1. c4 e6 2. Nc3 c6 3. g3 f5 4. Bg2 Nf6 5. d3 d5 6. cxd5 exd5 7. e4 dxe4 8. dxe4
Qxd1+ 9. Kxd1 Bc5 10. f3 fxe4 11. Nxe4 Nxe4 12. fxe4 O-O 13. Bf4 Be6 14. Kc2
Na6 15. a3 g5 16. Bd2 Rad8 17. Nf3 g4 18. Ng5 Bb3+ 19. Kxb3 Rxd2 20. Bf1 Rff2
21. Rb1 Bd4 22. Bc4+ Kh8 23. Bxa6 bxa6 24. Rhc1 Rxb2+ 25. Rxb2 Rxb2+ 26. Kc4 c5
27. Ne6 Re2 28. Nxd4 cxd4 29. Kxd4 Rxh2 30. Rc8+ Kg7 31. Rc7+ Kf8 32. Rxa7 h5
33. Rxa6 h4 34. gxh4 g3 35. Rg6 g2 36. a4 Kf7 37. Rg3 Rxh4 38. Rxg2 Rh1 39. Ra2
Ke6 40. a5 Rd1+ 41. Ke3 Ke5 42. Ra4 Rb1 43. a6 Rb8 44. a7 Ra8 45. Ra5+ Ke6 46.
e5 Kd7 47. Kd4 Kc6 48. Ke4 Kb6 49. Ra1 Kc7 50. Kf5 Kd7 51. Ra6 Rf8+ 52. Rf6 Ra8
53. e6+ Ke8 54. Rf7 Rd8 55. Kf6 Rc8 56. Rb7 1-0

[Event "2014 Northern Alberta Open"]
[Site "Edmonton"]
[Date "2014.02.15"]
[Round "2.18"]
[White "Kadavil, Suresh"]
[Black "Scholz, Mike"]
[Result "1-0"]
[WhiteElo "1596"]
[BlackElo "1392"]
[PlyCount "59"]
[EventDate "2014.02.15"]
[EventType "swiss"]
[EventRounds "5"]
[EventCountry "CAN"]

1. a3 g6 2. h3 Bg7 3. e4 e6 4. d4 d5 5. e5 Ne7 6. c3 c6 7. Bg5 Qb6 8. Qc2 Nf5
9. g4 Bh6 10. Bf6 Nxd4 11. cxd4 Qxd4 12. Bxh8 Nd7 13. Nf3 Qb6 14. Bg2 Bf8 15.
O-O Nc5 16. Ng5 Nb3 17. Nc3 Nxa1 18. Rxa1 h6 19. Nh7 Bc5 20. Na4 Bxf2+ 21. Qxf2
Qb5 22. Nc5 b6 23. Nf6+ Ke7 24. Ng8+ Kf8 25. Nxh6 Qxc5 26. Rf1 Ba6 27. Qxc5+
bxc5 28. Rxf7+ Ke8 29. Bf6 d4 30. Bxc6# 1-0